000 00272nam a2200121Ia 4500
008 190216s9999||||xx |||||||||||||| ||und||
100 _aKochurani M J
245 0 _aMorphology Of Flower&Fruits
260 _bBy The Authors
300 _a64
650 _aBotany
942 _cBK
999 _c1555
_d1555